000
00324nam a2200145Ia 4500
100
_a
Balagurusamy/ E.&
942
_c
BK
366
_f
15
654
_a
Programming with JAVA
245
_a
Programming with JAVA
260
_b
Tata Mc Graw hill Ltd.
_a
NewDelhi
_c
2002
082
_a
5.13
300
_a
453
546
_a
ENGLISH
999
_c
34714
_d
34714